आधुनिक हिंदी आलोचना के बीज शब्द / (Record no. 111931)

MARC details
000 -LEADER
fixed length control field 01026nam a22002417a 4500
005 - DATE AND TIME OF LATEST TRANSACTION
control field 20170124102931.0
010 ## - LIBRARY OF CONGRESS CONTROL NUMBER
LC control number A-721994
020 ## - INTERNATIONAL STANDARD BOOK NUMBER
Terms of availability 125.00
International Standard Book Number 8170553628
035 ## - SYSTEM CONTROL NUMBER
System control number A-721994
037 ## - SOURCE OF ACQUISITION
Source of stock number/acquisition Cen Lib/Ret
040 ## - CATALOGING SOURCE
Original cataloging agency DPL
Language of cataloging HN
082 ## - DEWEY DECIMAL CLASSIFICATION NUMBER
Classification number 820.8
Item number बच्चन
100 ## - MAIN ENTRY--PERSONAL NAME
Personal name बच्चन सिंह
9 (RLIN) 2125
245 ## - TITLE STATEMENT
Title आधुनिक हिंदी आलोचना के बीज शब्द /
Statement of responsibility, etc बच्चन सिंह
246 ## - VARYING FORM OF TITLE
Title proper/short title Adhunik hindi alochna ke beej ke shabd /
Remainder of title by Bachchan Singh
260 ## - PUBLICATION, DISTRIBUTION, ETC. (IMPRINT)
Place of publication, distribution, etc नई दिल्ली
Name of publisher, distributor, etc वाणी प्रकाशन
Date of publication, distribution, etc 1994
270 ## - ADDRESS
Address 21-ए, दरयागंज
City नई दिल्ली
Postal code 110002
300 ## - PHYSICAL DESCRIPTION
Extent 142पृ.
Dimensions 19सेमी(सजिल्द )
650 ## - SUBJECT ADDED ENTRY--TOPICAL TERM
Topical term or geographic name as entry element हिंदी साहित्य
General subdivision
Geographic subdivision
9 (RLIN) 45126
650 ## - SUBJECT ADDED ENTRY--TOPICAL TERM
Form subdivision
Topical term or geographic name as entry element आधुनिक हिंदी आलोचना
9 (RLIN) 45127
650 ## - SUBJECT ADDED ENTRY--TOPICAL TERM
Topical term or geographic name as entry element Modern Hindi criticism
9 (RLIN) 45128
942 ## - ADDED ENTRY ELEMENTS (KOHA)
Source of classification or shelving scheme Dewey Decimal Classification
Koha item type Hindi Books
Classification part 820.8
Call number suffix बच्चन
Holdings
Withdrawn status Lost status Damaged status Not for loan Home library Current library Date acquired Source of acquisition Cost, normal purchase price Total Checkouts Full call number Barcode Date last seen Date checked out Copy number Cost, replacement price Price effective from Koha item type
        Central Library Central Library 06/08/2015 Cen Lib/Ret 125.00 4 820.8 बच्चन A-721994 29/10/2022 25/10/2022 1 125.00 06/08/2015 Hindi Books

© Delhi Public Library
Hit Counter
free hit counter